[Event "I Torneo Banco di Roma"]
[Site "Roma ITA"]
[Date "1976.04.??"]
[Round "?"]
[White "Bukic, Enver"]
[Black "Mariotti, Sergio"]
[Result "1/2-1/2"]
[WhiteElo "2500"]
[BlackElo "2470"]
[PlyCount "82"]
[EventDate "1976.04.24"]

1. Nf3 e6 2. c4 f5 3. g3 Nf6 4. Bg2 Be7 5. O-O O-O 6. d4 d5 7. b3 c6 8. Ba3
Nbd7 9. Qc1 Ne4 10. Bxe7 Qxe7 11. Qa3 Qf6 12. e3 dxc4 13. bxc4 e5 14. Nc3 Nxc3
15. Qxc3 e4 16. Nd2 c5 17. f3 exf3 18. Nxf3 Qe7 19. Rae1 Nb6 20. Ne5 Be6 21. d5
Bd7 22. Nxd7 Nxd7 23. Bh3 Qe5 24. Qxe5 Nxe5 25. Bxf5 Nxc4 26. e4 Ne5 27. Rb1 b6
28. Be6+ Kh8 29. Rxf8+ Rxf8 30. Rf1 Rxf1+ 31. Kxf1 g6 32. d6 Kg7 33. d7 Nc6 34.
Bd5 Nd8 35. e5 Kf8 36. Ke2 Ke7 37. e6 b5 38. h4 Kd6 39. Ke3 h6 40. Ke4 Ke7 41.
g4 a5 1/2-1/2

[Event "I Torneo Banco di Roma"]
[Site "Roma ITA"]
[Date "1976.04.??"]
[Round "?"]
[White "Bukic, Enver"]
[Black "Zichichi, Alvise"]
[Result "0-1"]
[WhiteElo "2500"]
[BlackElo "2320"]
[PlyCount "82"]
[EventDate "1976.04.24"]

1. Nf3 d5 2. c4 c6 3. e3 Nf6 4. Nc3 e6 5. b3 Bd6 6. Bb2 O-O 7. d4 Nbd7 8. Bd3
Re8 9. Qc2 e5 10. cxd5 cxd5 11. Nb5 Bb4+ 12. Nd2 e4 13. Be2 Re6 14. Qc7 Qf8 15.
Qc2 Rc6 16. Nc3 Nb6 17. a3 Bd6 18. O-O Bg4 19. f3 Bh5 20. Bb5 Rc7 21. fxe4 dxe4
22. Rxf6 gxf6 23. Ndxe4 Be7 24. Qd2 f5 25. Ng3 Bg6 26. Bd3 Re8 27. Bxf5 Bg5 28.
Nce4 Qh6 29. Nxg5 Qxg5 30. Bxg6 hxg6 31. Re1 Nd5 32. Nf1 Rec8 33. Rc1 Rxc1 34.
Bxc1 Qf5 35. a4 Qb1 36. Ba3 Rc2 37. Qa5 Nxe3 38. Qd8+ Kh7 39. Qf6 Rxg2+ 40. Kh1
Rxh2+ 41. Kg1 Rh1+ 0-1

[Event "I Torneo Banco di Roma"]
[Site "Roma ITA"]
[Date "1976.04.??"]
[Round "?"]
[White "Haik, Aldo"]
[Black "Lutikov, Anatoly S."]
[Result "1/2-1/2"]
[WhiteElo "2325"]
[BlackElo "2500"]
[PlyCount "94"]
[EventDate "1976.04.24"]

1. e4 c5 2. Nf3 Nc6 3. d4 cxd4 4. Nxd4 Nf6 5. Nc3 e5 6. Ndb5 d6 7. Bg5 a6 8.
Na3 b5 9. Bxf6 gxf6 10. Nd5 f5 11. Bd3 Be6 12. c3 Bg7 13. Nc2 O-O 14. Nce3 fxe4
15. Bxe4 f5 16. Nf6+ Qxf6 17. Bxc6 Rad8 18. Bd5 f4 19. Bxe6+ Qxe6 20. Qd5 Kf7
21. Qxe6+ Kxe6 22. Nc2 a5 23. O-O-O d5 24. Rhe1 Kd6 25. a4 Kc6 26. axb5+ Kxb5
27. Kb1 Rd6 28. Re4 Kc6 29. Ra4 Kb5 30. Re4 Kc6 31. Ra4 Kb5 32. b3 Rfd8 33. g3
Bh6 34. Re1 e4 35. Kb2 Ra6 36. gxf4 Bxf4 37. Nd4+ Kc5 38. f3 Re8 39. b4+ Kd6
40. b5 Rb6 41. fxe4 Rxe4 42. Rxe4 dxe4 43. Rxa5 Bxh2 44. Kb3 Kc5 45. Ra7 h6 46.
Re7 Kd5 47. Re8 Be5 1/2-1/2

[Event "I Torneo Banco di Roma"]
[Site "Roma ITA"]
[Date "1976.04.??"]
[Round "?"]
[White "Kirov, Nino"]
[Black "Mariotti, Sergio"]
[Result "0-1"]
[WhiteElo "2485"]
[BlackElo "2470"]
[PlyCount "108"]
[EventDate "1976.04.24"]

1. Nf3 Nc6 2. d4 d5 3. g3 Bg4 4. Bg2 e6 5. O-O Nge7 6. Nbd2 h5 7. c4 h4 8. Qa4
hxg3 9. fxg3 Qd7 10. b4 dxc4 11. b5 Nxd4 12. Qxc4 Nef5 13. Nb3 Bxf3 14. Bxf3
Nxf3+ 15. Rxf3 Nd6 16. Qc2 Qxb5 17. Bf4 Qf5 18. Qxf5 Nxf5 19. Bxc7 Rc8 20. Be5
f6 21. Bf4 Bd6 22. Bxd6 Nxd6 23. Rd1 Ke7 24. Rfd3 Rhd8 25. R1d2 b6 26. Nd4 e5
27. Nb3 a5 28. Kg2 Nb5 29. Rxd8 Rxd8 30. Rb2 Na3 31. Nd2 b5 32. Nb1 Nxb1 33.
Rxb1 Rd2 34. Kf3 b4 35. a3 bxa3 36. Rb3 a4 37. Rxa3 Rd4 38. e3 Rb4 39. h4 Ke6
40. g4 f5 41. gxf5+ Kxf5 42. Kg3 g6 43. Ra1 Rg4+ 44. Kh3 Re4 45. Ra3 Rb4 46.
Ra1 Rb3 47. Rf1+ Ke6 48. Rf8 Rxe3+ 49. Kg4 a3 50. Ra8 Kd5 51. Ra6 Kc4 52. Rxg6
a2 53. Ra6 Kb3 54. Kf5 Kb2 0-1

[Event "I Torneo Banco di Roma"]
[Site "Roma ITA"]
[Date "1976.04.??"]
[Round "?"]
[White "Kirov, Nino"]
[Black "Toth, Bela"]
[Result "1/2-1/2"]
[WhiteElo "2485"]
[BlackElo "2405"]
[PlyCount "82"]
[EventDate "1976.04.24"]

1. Nf3 d5 2. d4 c6 3. c4 e6 4. Qc2 Nf6 5. g3 Be7 6. Bg2 O-O 7. O-O b6 8. Nbd2
Bb7 9. Rd1 Nbd7 10. e4 Nxe4 11. Nxe4 dxe4 12. Qxe4 Nf6 13. Qe2 Re8 14. Ne5 Rc8
15. Bf4 Nd7 16. c5 Nf6 17. b4 Nd5 18. Rac1 Nxb4 19. Nxf7 Kxf7 20. Qh5+ Kf8 21.
Qxh7 Nd5 22. Be5 Nf6 23. Qg6 Kg8 24. Bh3 Qd7 25. g4 Bd8 26. g5 Nh7 27. f4 Qf7
28. Qe4 Bxg5 29. fxg5 Nxg5 30. Qg4 Nf3+ 31. Kg2 Nxe5 32. dxe5 Rcd8 33. Rxd8
Rxd8 34. Qxe6 Bc8 35. Qxf7+ Kxf7 36. e6+ Ke7 37. cxb6 Rd2+ 38. Kg1 axb6 39.
Rxc6 Rd1+ 40. Kf2 Rd2+ 41. Kg3 Rd3+ 1/2-1/2

[Event "I Torneo Banco di Roma"]
[Site "Roma ITA"]
[Date "1976.04.??"]
[Round "?"]
[White "Lein, Anatoly"]
[Black "Bilek, Istvan"]
[Result "1-0"]
[WhiteElo "2515"]
[BlackElo "2435"]
[PlyCount "81"]
[EventDate "1976.04.24"]

1. e4 c5 2. Nf3 Nc6 3. d4 cxd4 4. Nxd4 Nf6 5. Nc3 e5 6. Ndb5 d6 7. Nd5 Nxd5 8.
exd5 Nb8 9. c4 Be7 10. Bd3 O-O 11. O-O Nd7 12. Be3 a6 13. Nc3 f5 14. f3 Bg5 15.
Bf2 g6 16. b4 b6 17. Rb1 Rf7 18. Na4 Kh8 19. Re1 Bh4 20. g3 Bf6 21. c5 bxc5 22.
bxc5 Nxc5 23. Nxc5 dxc5 24. Bc4 Rd7 25. Qb3 Bb7 26. Red1 Rc8 27. Rb2 Rcc7 28.
Re2 Kg7 29. Be1 Rc8 30. Bc3 Qc7 31. Qb2 Rf8 32. Bxe5 Qd8 33. f4 h5 34. Qc3 Bc6
35. Qe3 Bb5 36. Bxb5 axb5 37. Qxc5 Qa5 38. Kg2 Rff7 39. Qc6 Ra7 40. d6 Qa4 41.
Rd4 1-0

[Event "I Torneo Banco di Roma"]
[Site "Roma ITA"]
[Date "1976.04.??"]
[Round "?"]
[White "Lein, Anatoly"]
[Black "Kirov, Nino"]
[Result "1/2-1/2"]
[WhiteElo "2515"]
[BlackElo "2485"]
[PlyCount "126"]
[EventDate "1976.04.24"]

1. e4 e5 2. Nf3 Nc6 3. Bb5 Nf6 4. O-O Bc5 5. d3 d6 6. c3 O-O 7. Bg5 h6 8. Bh4
g5 9. Bg3 Bg4 10. h3 Bh5 11. Nbd2 Bb6 12. Bxc6 bxc6 13. Nc4 Nd7 14. Ne3 Kh7 15.
Bh2 Bg6 16. Nd2 Bxe3 17. fxe3 Qe7 18. Rf2 d5 19. exd5 cxd5 20. d4 c5 21. Nf3
cxd4 22. cxd4 exd4 23. exd4 Be4 24. Ne5 Nxe5 25. dxe5 f5 26. exf6 Rxf6 27. Bg3
Rc8 28. Rc1 Rxc1 29. Qxc1 Rxf2 30. Bxf2 Qg7 31. Qc5 a6 32. Bd4 Qf7 33. Qc8 a5
34. Qd8 h5 35. Qxa5 g4 36. hxg4 hxg4 37. Qd8 Kg6 38. Qd6+ Kh7 39. Qg3 Qg6 40.
b4 Qe6 41. Qc7+ Kg6 42. Qg7+ Kf5 43. Qf8+ Kg5 44. Be3+ Kg6 45. b5 d4 46. Qh6+
Kf7 47. Qf4+ Qf5 48. Qc7+ Kg6 49. Bxd4 Qxb5 50. Qg7+ Kh5 51. Qh8+ Kg5 52. Qf6+
Kh5 53. Be3 Qb1+ 54. Kh2 g3+ 55. Kxg3 Qe1+ 56. Bf2 Qe2 57. Qe5+ Kg6 58. Qe6+
Kh5 59. Qf7+ Kg5 60. Qf4+ Kg6 61. a4 Bd5 62. Qd6+ Qe6 63. Qxe6+ Bxe6 1/2-1/2

[Event "I Torneo Banco di Roma"]
[Site "Roma ITA"]
[Date "1976.04.??"]
[Round "?"]
[White "Lein, Anatoly"]
[Black "Toth, Bela"]
[Result "0-1"]
[WhiteElo "2515"]
[BlackElo "2405"]
[PlyCount "82"]
[EventDate "1976.04.24"]

1. d4 Nf6 2. c4 e6 3. Nc3 Bb4 4. Qc2 c5 5. dxc5 Na6 6. a3 Bxc3+ 7. Qxc3 Nxc5 8.
b4 Nce4 9. Qd4 d5 10. c5 b6 11. f3 bxc5 12. bxc5 Qa5+ 13. Qb4 Qxb4+ 14. axb4
Nc3 15. Bd2 Nb5 16. e3 Bd7 17. Ne2 Ke7 18. Nd4 Rhb8 19. Ra5 a6 20. Kf2 e5 21.
Bxb5 axb5 22. Nb3 Rxa5 23. Nxa5 Ne8 24. e4 d4 25. f4 f6 26. f5 Nc7 27. g4 Na6
28. h4 Ra8 29. Rc1 Be8 30. g5 Nb8 31. gxf6+ Kxf6 32. Bg5+ Kf7 33. c6 Na6 34.
Nb7 Nxb4 35. Nd6+ Kf8 36. c7 Nd3+ 37. Kg3 Nxc1 38. c8=Q Rxc8 39. Nxc8 Ne2+ 40.
Kf2 Nc3 41. Nd6 Bc6 0-1

[Event "I Torneo Banco di Roma"]
[Site "Roma ITA"]
[Date "1976.04.??"]
[Round "?"]
[White "Mariotti, Sergio"]
[Black "Bilek, Istvan"]
[Result "1-0"]
[WhiteElo "2470"]
[BlackElo "2435"]
[PlyCount "87"]
[EventDate "1976.04.24"]

1. e4 c5 2. b4 cxb4 3. d4 g6 4. a3 bxa3 5. Nxa3 Bg7 6. Bc4 d5 7. exd5 Nf6 8.
Bb5+ Nbd7 9. c4 O-O 10. Ba4 Nb6 11. Bb3 e6 12. dxe6 Bxe6 13. Ne2 Rc8 14. c5
Nbd5 15. Nb5 a6 16. Nd6 Rc7 17. O-O Ne8 18. Nf4 Nc3 19. Nxe6 fxe6 20. Qg4 Nxd6
21. cxd6 Rc6 22. Ba3 Kh8 23. Rac1 Rf4 24. Qxe6 Re4 25. Rxc3 Rxe6 26. Rxc6 Rf6
27. Rc7 Bf8 28. Rfc1 Rxd6 29. Bxd6 Qxd6 30. Rxb7 Qxd4 31. h4 Bc5 32. Rf7 Qb4
33. Rd1 Bd4 34. Ba2 a5 35. Rf4 Qb2 36. Rdxd4 Qxa2 37. Rd7 Kg8 38. g3 Qb1+ 39.
Kh2 Qb3 40. Re4 Kf8 41. Rxh7 a4 42. Ra7 a3 43. Re3 Qb2 44. Rf3+ 1-0

[Event "I Torneo Banco di Roma"]
[Site "Roma ITA"]
[Date "1976.04.??"]
[Round "?"]
[White "Mariotti, Sergio"]
[Black "Lein, Anatoly"]
[Result "1/2-1/2"]
[WhiteElo "2470"]
[BlackElo "2515"]
[PlyCount "86"]
[EventDate "1976.04.24"]

1. e4 e6 2. Qe2 c5 3. Nf3 Nc6 4. b3 d6 5. Bb2 Nf6 6. d4 cxd4 7. Nxd4 Bd7 8. Nd2
Be7 9. h3 O-O 10. Qe3 e5 11. Nxc6 Bxc6 12. Bd3 Nh5 13. g3 Bg5 14. Qe2 Bxd2+ 15.
Qxd2 f5 16. O-O-O fxe4 17. Be2 e3 18. Qxe3 Bxh1 19. Bxh5 Bc6 20. f4 Qe7 21. Re1
a6 22. fxe5 dxe5 23. Bxe5 Rac8 24. Kb2 Be8 25. Be2 Bg6 26. Bc4+ Kh8 27. c3 Rce8
28. g4 Qd7 29. Qd4 Rd8 30. a4 Rfe8 31. Rd1 Qxd4 32. Bxd4 h6 33. Ka3 Kh7 34. h4
Be4 35. Kb4 Bf3 36. Bd3+ Kg8 37. Bc4+ Bd5 38. Bb6 Bxc4 39. Rxd8 Rxd8 40. Bxd8
Be6 41. g5 Kf7 42. gxh6 gxh6 43. c4 Ke8 1/2-1/2

[Event "I Torneo Banco di Roma"]
[Site "Roma ITA"]
[Date "1976.04.??"]
[Round "?"]
[White "Primavera, Roberto"]
[Black "Bukic, Enver"]
[Result "1/2-1/2"]
[WhiteElo "2270"]
[BlackElo "2500"]
[PlyCount "56"]
[EventDate "1976.04.24"]

1. e4 c5 2. Nf3 d6 3. d4 cxd4 4. Nxd4 Nf6 5. Nc3 a6 6. f4 Qc7 7. Bd3 g6 8. Qe2
Nbd7 9. O-O Bg7 10. Kh1 e5 11. Nf3 b5 12. fxe5 dxe5 13. Bd2 O-O 14. b4 Nb6 15.
a4 bxa4 16. Nxa4 Nxa4 17. Rxa4 Bb7 18. Bg5 Nh5 19. Nd2 Nf4 20. Bxf4 exf4 21.
Nb3 Qb6 22. Nc5 Rfe8 23. Nxb7 Qxb7 24. Bxa6 Qxe4 25. Qxe4 Rxe4 26. c4 Rxc4 27.
Bxc4 Rxa4 28. Rxf4 Ra1+ 1/2-1/2

[Event "I Torneo Banco di Roma"]
[Site "Roma ITA"]
[Date "1976.04.??"]
[Round "?"]
[White "Primavera, Roberto"]
[Black "Mariotti, Sergio"]
[Result "1/2-1/2"]
[WhiteElo "2270"]
[BlackElo "2470"]
[PlyCount "92"]
[EventDate "1976.04.24"]

1. e4 c5 2. Nf3 Qa5 3. Nc3 e6 4. d4 cxd4 5. Nxd4 Nf6 6. Nb3 Qc7 7. Bd3 a6 8.
Qe2 d6 9. O-O Be7 10. a4 b6 11. Be3 Nbd7 12. f4 Bb7 13. Bf2 O-O 14. Bg3 Nc5 15.
Nxc5 Qxc5+ 16. Kh1 Qh5 17. Qxh5 Nxh5 18. Be1 Rac8 19. Bd2 Nf6 20. Rad1 Nd7 21.
Be2 Nc5 22. Bf3 Bf6 23. a5 b5 24. Rfe1 Rfd8 25. e5 Bxf3 26. gxf3 Bh4 27. Re2 d5
28. Be3 g6 29. Na2 Rd7 30. Nb4 Ra7 31. Nxd5 exd5 32. b4 Be7 33. bxc5 Bxc5 34.
Rxd5 Bxe3 35. Rxe3 Rxc2 36. Rd8+ Kg7 37. f5 gxf5 38. f4 Rc6 39. Rg3+ Rg6 40.
Rd6 Kf8 41. Rgxg6 hxg6 42. Rb6 Kg7 43. Kg2 Kh6 44. Kg3 Rc7 45. Rxa6 Rc3+ 46.
Kg2 Kh5 1/2-1/2

[Event "I Torneo Banco di Roma"]
[Site "Roma ITA"]
[Date "1976.04.??"]
[Round "?"]
[White "Tatai, Stefano"]
[Black "Bilek, Istvan"]
[Result "1-0"]
[WhiteElo "2465"]
[BlackElo "2435"]
[PlyCount "55"]
[EventDate "1976.04.24"]

1. e4 c6 2. d4 d5 3. Nc3 g6 4. h3 Bg7 5. Nf3 Nh6 6. Be2 O-O 7. O-O f6 8. Re1
Nf7 9. Bf1 e6 10. a4 Nd7 11. a5 f5 12. e5 c5 13. Nxd5 cxd4 14. Nf4 Ndxe5 15.
Nxd4 Ng5 16. c3 Nef7 17. Nb5 e5 18. Nd5 Bd7 19. Be3 f4 20. Bc5 f3 21. Be7 fxg2
22. Bxg2 Qc8 23. Bxg5 Kh8 24. Nxa7 Rxa7 25. Nb6 Qe8 26. Nxd7 Nxg5 27. Nxf8 Qxf8
28. Qd5 1-0

[Event "I Torneo Banco di Roma"]
[Site "Roma ITA"]
[Date "1976.04.??"]
[Round "?"]
[White "Tatai, Stefano"]
[Black "Kirov, Nino"]
[Result "1/2-1/2"]
[WhiteElo "2465"]
[BlackElo "2485"]
[PlyCount "113"]
[EventDate "1976.04.24"]

1. e4 c5 2. Nf3 e6 3. d4 cxd4 4. Nxd4 Nc6 5. Nb5 d6 6. c4 Nf6 7. N5c3 Be7 8.
Be2 O-O 9. O-O b6 10. Bf4 Bb7 11. Re1 Ne5 12. Nd2 a6 13. a3 Rc8 14. Rc1 Nfd7
15. Be3 Ng6 16. Rf1 Bf6 17. Ndb1 Qc7 18. b4 Nge5 19. Nd2 Ng6 20. f4 Rfd8 21.
Ndb1 Qb8 22. Qe1 Bc6 23. Qf2 Qb7 24. Bd3 b5 25. cxb5 axb5 26. Rc2 e5 27. f5 Nf4
28. Bxf4 exf4 29. Qxf4 Ne5 30. Qg3 Re8 31. Re2 Re7 32. Kh1 Rce8 33. Bc2 Nc4 34.
Rfe1 Qa6 35. Qd3 Qb7 36. Bb3 Bh4 37. g3 Bf6 38. Bxc4 bxc4 39. Qxc4 Re5 40. Kg1
Qb6+ 41. Kg2 Qb7 42. Nd2 Rc8 43. Nf3 Rxf5 44. Nd5 Rh5 45. Re3 h6 46. Nxf6+ gxf6
47. Qd4 f5 48. Rc1 Bxe4 49. Rxc8+ Qxc8 50. Qc3 Qe6 51. Kg1 f4 52. Re2 fxg3 53.
Rg2 Bxf3 54. Qxf3 Qe1+ 55. Qf1 Qe3+ 56. Kh1 Kf8 57. Qd1 1/2-1/2

[Event "I Torneo Banco di Roma"]
[Site "Roma ITA"]
[Date "1976.04.??"]
[Round "?"]
[White "Tatai, Stefano"]
[Black "Lein, Anatoly"]
[Result "1/2-1/2"]
[WhiteElo "2465"]
[BlackElo "2515"]
[PlyCount "82"]
[EventDate "1976.04.24"]

1. e4 e5 2. Nc3 Nf6 3. f4 d5 4. fxe5 Nxe4 5. Nf3 Nc6 6. Bb5 a6 7. Bxc6+ bxc6 8.
Qe2 Nc5 9. d4 Ne6 10. Be3 Rb8 11. O-O-O Qe7 12. Nd2 a5 13. Nb3 Ra8 14. a3 a4
15. Nd2 Qd8 16. Qh5 Be7 17. h4 O-O 18. Nf3 f6 19. exf6 Bxf6 20. Bg5 Qd6 21.
Bxf6 gxf6 22. Qh6 Rf7 23. Rhf1 Ng7 24. Ne1 Bg4 25. Rd2 Nf5 26. Qf4 h5 27. Nd3
Kg7 28. Nb4 Qd7 29. Qf2 Nd6 30. Nd3 Ne4 31. Nxe4 dxe4 32. Nf4 Re7 33. Qe3 Ra5
34. Rdf2 Rf5 35. Re1 Qd6 36. Kb1 c5 37. dxc5 Qxc5 38. Qxc5 Rxc5 39. Re3 Rf5 40.
g3 Rb5 41. Rd2 c5 1/2-1/2

[Event "I Torneo Banco di Roma"]
[Site "Roma ITA"]
[Date "1976.04.??"]
[Round "?"]
[White "Toth, Bela"]
[Black "Mariotti, Sergio"]
[Result "0-1"]
[WhiteElo "2405"]
[BlackElo "2470"]
[PlyCount "56"]
[EventDate "1976.04.24"]

1. c4 e6 2. Nf3 d5 3. g3 dxc4 4. Qa4+ Nd7 5. Qxc4 b6 6. Bg2 Bb7 7. O-O Ngf6 8.
Nc3 c5 9. d4 Rc8 10. Rd1 a6 11. a4 cxd4 12. Qxd4 Bc5 13. Qh4 Be7 14. Bg5 Rc7
15. Rd4 Qc8 16. Rad1 O-O 17. e4 Re8 18. Re1 h6 19. Bxh6 gxh6 20. e5 Nh7 21.
Rg4+ Kh8 22. Qxh6 Rg8 23. Rf4 Rg7 24. h4 Kg8 25. Kh2 Rc5 26. Ne4 Rg6 27. Qh5
Bxe4 28. Rexe4 Nhf6 0-1

[Event "I Torneo Banco di Roma"]
[Site "Roma ITA"]
[Date "1976.04.??"]
[Round "?"]
[White "Toth, Bela"]
[Black "Tatai, Stefano"]
[Result "1-0"]
[WhiteElo "2405"]
[BlackElo "2465"]
[PlyCount "121"]
[EventDate "1976.04.24"]

1. d4 Nf6 2. c4 e6 3. Nc3 Bb4 4. e3 c5 5. Bd3 Nc6 6. Nf3 d5 7. O-O O-O 8. a3
Bxc3 9. bxc3 Qc7 10. cxd5 exd5 11. h3 Re8 12. a4 c4 13. Bc2 Qa5 14. Bd2 Ne4 15.
Kh1 Qd8 16. Be1 Bf5 17. Ng1 Nd6 18. Bd2 Bxc2 19. Qxc2 Na5 20. Ra2 Nb3 21. Bc1
Ne4 22. Ne2 Qh4 23. Kg1 Rad8 24. Qd1 Rd7 25. Rc2 Qd8 26. f3 Nd6 27. Ng3 Qg5 28.
Kh2 Nxc1 29. f4 Qe7 30. Rxc1 Qxe3 31. Qg4 Rde7 32. Rce1 Qxc3 33. Rxe7 Rxe7 34.
Qg5 Qe3 35. Nh5 f5 36. Nf6+ Kf7 37. Nxd5 Qe2 38. Rf2 Qe6 39. Qh5+ Qg6 40. Qxg6+
hxg6 41. Nxe7 Kxe7 42. g4 Ke6 43. Kg2 a6 44. a5 Nb5 45. Kf3 Nxd4+ 46. Ke3 Nb3
47. gxf5+ gxf5 48. Rg2 Kf6 49. Ra2 g5 50. Ra4 c3 51. Rc4 Nxa5 52. Rxc3 b5 53.
Rc8 Nc4+ 54. Kf3 Nd2+ 55. Ke2 Ne4 56. Rc6+ Kg7 57. Rxa6 gxf4 58. Kf3 Ng5+ 59.
Kxf4 Nxh3+ 60. Kxf5 Nf2 61. Rd6 1-0

[Event "I Torneo Banco di Roma"]
[Site "Roma ITA"]
[Date "1976.04.??"]
[Round "?"]
[White "Valenti, Giuseppe"]
[Black "Bukic, Enver"]
[Result "1-0"]
[WhiteElo "2215"]
[BlackElo "2500"]
[PlyCount "95"]
[EventDate "1976.04.24"]

1. e4 c5 2. Nf3 d6 3. d4 cxd4 4. Nxd4 Nf6 5. Nc3 a6 6. Bg5 e6 7. f4 Be7 8. Qf3
Qc7 9. O-O-O Nbd7 10. g4 b5 11. a3 Rb8 12. Bh4 h6 13. Bxf6 Nxf6 14. h4 b4 15.
axb4 Rxb4 16. g5 Nd7 17. g6 Nf6 18. gxf7+ Kxf7 19. f5 exf5 20. Nxf5 Bxf5 21.
Qxf5 g6 22. Qf3 Qa5 23. h5 Qa1+ 24. Kd2 Qxb2 25. Bd3 Kg7 26. Rb1 Nxh5 27. Rxh5
Qxb1 28. Nxb1 gxh5 29. Nc3 Bg5+ 30. Ke2 Rb7 31. e5 Re7 32. Qxh5 Rxe5+ 33. Kd1
Rhe8 34. Qg6+ Kf8 35. Qxd6+ Kg7 36. Qg6+ Kf8 37. Ne4 R8e6 38. Qh7 a5 39. Qh8+
Ke7 40. Qg7+ Kd8 41. Qf8+ Kc7 42. c4 Be7 43. Qa8 Bb4 44. Qa7+ Kc6 45. Bc2 Rxe4
46. Bxe4+ Kd6 47. Qd4+ Kc7 48. Kc2 1-0

[Event "I Torneo Banco di Roma"]
[Site "Roma ITA"]
[Date "1976.04.??"]
[Round "?"]
[White "Zichichi, Alvise"]
[Black "Lein, Anatoly"]
[Result "0-1"]
[WhiteElo "2320"]
[BlackElo "2515"]
[PlyCount "84"]
[EventDate "1976.04.24"]

1. Nf3 Nf6 2. g3 d5 3. Bg2 c6 4. O-O Bg4 5. d3 Nbd7 6. Nbd2 e6 7. b3 a5 8. a3
Be7 9. Bb2 O-O 10. e4 b5 11. h3 Bxf3 12. Qxf3 Qb6 13. d4 Rfc8 14. Qe2 b4 15. a4
dxe4 16. Nxe4 Nxe4 17. Bxe4 Nf6 18. Bd3 Nd5 19. Rad1 Bf6 20. Qe4 g6 21. Bc4 Ra7
22. Qf3 Bg7 23. Rfe1 Rd7 24. Kg2 Qd8 25. Ba1 Rd6 26. Rd3 Rc7 27. Rdd1 Rcd7 28.
h4 h5 29. Bd3 Ne7 30. g4 hxg4 31. Qxg4 Nd5 32. Rh1 Nf6 33. Qf3 Nh5 34. Rdg1
Bxd4 35. Kf1 Bxa1 36. Qxh5 Rxd3 37. cxd3 Rxd3 38. Qc5 Bd4 39. Qc2 Bxf2 40. Ke2
Rc3 41. Rxg6+ Kf8 42. Qb1 Re3+ 0-1

[Event "I Torneo Banco di Roma"]
[Site "Roma ITA"]
[Date "1976.04.??"]
[Round "?"]
[White "Zichichi, Alvise"]
[Black "Toth, Bela"]
[Result "1-0"]
[WhiteElo "2320"]
[BlackElo "2405"]
[PlyCount "71"]
[EventDate "1976.04.24"]

1. Nf3 d5 2. b3 Bg4 3. e3 Nd7 4. Bb2 e5 5. h3 Bxf3 6. gxf3 Be7 7. c4 Ngf6 8.
cxd5 Nxd5 9. Nc3 Nxc3 10. Bxc3 O-O 11. Qc2 a5 12. Bd3 h6 13. Rg1 Bf6 14. Rg4
Re8 15. Bb2 c6 16. Ke2 Qe7 17. Rag1 Kh8 18. Qc1 Qc5 19. Bc4 Qe7 20. Ba3 c5 21.
Bb5 b6 22. Qc4 Red8 23. Qe4 Nf8 24. Bb2 Ng6 25. Bc3 Ra7 26. Qf5 Qd6 27. Rxg6
fxg6 28. Rxg6 Re7 29. Bc4 Red7 30. Qh5 Rf8 31. f4 exf4 32. Bxf6 Qxd2+ 33. Kf1
Qd1+ 34. Qxd1 Rxd1+ 35. Ke2 gxf6 36. Kxd1 1-0